| 000 | 01247nam a22004097a 4500 | ||
|---|---|---|---|
| 001 | 0074 | ||
| 003 | DO-SdBNP | ||
| 005 | 20171116120917.0 | ||
| 007 | 0074 | ||
| 008 | 151103b 1983 sp ||| 00| 0 spa d | ||
| 020 | _a8475251307 | ||
| 040 |
_aBPMSU _bspa _cBPMSU |
||
| 041 | 1 | 7 |
_aspa _h |
| 082 | 4 |
_a843.8 _bF778g |
|
| 092 |
_a _b |
||
| 100 | 1 |
_aFournier-Alain _d1886-1914. |
|
| 240 |
_aEl grand meaulnes _lEspañol |
||
| 245 | 1 | 3 |
_aEl gran meaulnes / _cAlain-Fournier ; traducción Claudio Galindo ; ilustración Mario Lacoma |
| 246 | 1 | 3 | _aEl grand meaulnes |
| 260 |
_aMadrid : _bEdiciones Generales Anaya, _c1983. |
||
| 300 |
_a255 p. : _bil.; _c21 cm. |
||
| 490 | 1 | 0 |
_aTus libros ; _aTu problemática |
| 504 | _aIncluye notas y referencias bibliográficas al pie de las páginas | ||
| 504 | _aBibliografías : p. 255 | ||
| 600 | _6 | ||
| 650 | _aNOVELA FRANCESA | ||
| 650 | _aLITERATURA FRANCESA | ||
| 650 |
_aVIDA COTIDIANA _vNOVELA |
||
| 700 | 1 | 0 |
_aGalindo, Claudio, _etr. |
| 700 | 1 | 0 |
_aLacoma, Mario, _eil. |
| 830 |
_aTus libros ; _pTu problemática |
||
| 830 | 0 | 0 | _n |
| 942 |
_2ddc _cBK |
||
| 945 | _aInventariado extranjero / 2017 VM | ||
| 956 | _aBrenda Tavárez | ||
| 956 |
_aVMATEO _b10 _c20161026 _dBPMSU _f0069 |
||
| 999 |
_c8517 _d8517 |
||